[Event "Open Semana Santa 2023"]
[Site "?"]
[Date "2023.04.09"]
[Round "8.103"]
[White "FM Garcia Molina, Jose"]
[Black "Deusa Ballesteros, Luis Miguel"]
[Result "1-0"]
[WhiteElo "2251"]
[BlackElo "1873"]
[PlyCount "79"]

1. d4 Nf6 2. c4 e6 3. Nf3 d5 4. g3 Be7 5. Bg2 O-O 6. O-O b6 7. cxd5 exd5 8. Nc3
Bb7 9. Bf4 a6 10. Rc1 Bd6 11. Ne5 Ne4 12. Qb3 Bxe5 13. dxe5 Nc5 14. Qd1 c6 15.
Rc2 Re8 16. Rd2 Ne6 17. Be3 Qc7 18. f4 Nd7 19. Bf2 f5 20. e4 fxe4 21. Nxe4 Nxe5
22. fxe5 dxe4 23. Bxe4 Rad8 24. Rd6 c5 25. Bd5 Bc8 26. Bb3 b5 27. Be3 Kh8 28.
Bc2 Rf8 29. Rxf8+ Rxf8 30. Qh5 h6 31. Qg6 Kg8 32. Qh7+ Kf7 33. Bf5 Ke7 34. Bxe6
Bxe6 35. Qxg7+ Rf7 36. Qxh6 Bc4 37. Bg5+ Ke8 38. Qh8+ Rf8 39. Qh5+ Bf7 40. Qd1
1-0

[Event "Open Semana Santa 2023"]
[Site "?"]
[Date "2023.04.09"]
[Round "8.104"]
[White "Martinez Soriano, Pablo"]
[Black "FM Garcia Gimenez, Santiago"]
[Result "0-1"]
[WhiteElo "1877"]
[BlackElo "2210"]
[PlyCount "80"]

1. e4 e5 2. Nf3 Nc6 3. d4 exd4 4. Nxd4 Nf6 5. Nxc6 bxc6 6. e5 Qe7 7. Qe2 Nd5 8.
Nd2 g6 9. c4 Ba6 10. Ne4 Bg7 11. Bg5 Qb4+ 12. Qd2 Bxe5 13. Qxb4 Nxb4 14. Kd2 f5
15. Nc3 h6 16. Be3 Bb7 17. f4 Bf6 18. a3 Na6 19. Rd1 O-O-O 20. Kc2 Kb8 21. b4
Rhe8 22. Bf2 Ka8 23. Rd2 d6 24. Be2 c5 25. b5 Nb8 26. a4 a5 27. Bf3 Bxf3 28.
gxf3 Bxc3 29. Kxc3 Re6 30. Bxc5 Rde8 31. Bf2 Nd7 32. Rg1 Kb7 33. h4 Nf6 34. c5
dxc5 35. Bxc5 Nh5 36. Rd4 Re3+ 37. Kc4 Rxf3 38. Rxg6 Nxf4 39. Rxh6 Ne2 40. Rd2
Re4+ 0-1

[Event "Open Semana Santa 2023"]
[Site "?"]
[Date "2023.04.09"]
[Round "8.105"]
[White "Salvador Buiza, Victor"]
[Black "Gonzalez Lopez, Lucas I"]
[Result "1-0"]
[WhiteElo "2195"]
[BlackElo "1862"]
[PlyCount "129"]

1. e4 c5 2. Nf3 e6 3. d4 cxd4 4. Nxd4 Nc6 5. Be3 a6 6. Nc3 Qc7 7. g4 Be7 8. g5
b5 9. Nxc6 dxc6 10. Qf3 Bb7 11. O-O-O Bd6 12. h4 O-O-O 13. Bh3 Kb8 14. e5 Bxe5
15. Rxd8+ Qxd8 16. Qxf7 Qe7 17. Qxe6 Qxe6 18. Bxe6 Ne7 19. Re1 Ng6 20. h5 Nf4
21. Bd2 Bc7 22. Bf7 Kc8 23. Re4 Nd5 24. Nxd5 cxd5 25. Re8+ Rxe8 26. Bxe8 Kd8
27. Bf7 d4 28. g6 hxg6 29. Bg5+ Kd7 30. hxg6 Be4 31. Kd2 Ba5+ 32. c3 dxc3+ 33.
bxc3 Bb6 34. f3 Bb1 35. Bf4 Bc7 36. Ke3 Bxf4+ 37. Kxf4 Kd6 38. Kg5 Ke5 39. f4+
Ke4 40. f5 Ke3 41. f6 gxf6+ 42. Kxf6 Bxg6 43. Bxg6 Kd2 44. Ke5 Kxc3 45. Kd6 Kb4
46. Kc6 a5 47. Kb6 Ka3 48. Bf7 Ka4 49. Kc5 b4 50. Kb6 b3 51. Bxb3+ Kb4 52. Bg8
a4 53. Ka6 a3 54. Bb3 Kc5 55. Ka5 Kc6 56. Kb4 Kb7 57. Kxa3 Ka7 58. Kb4 Kb6 59.
a4 Ka6 60. Bc4+ Kb6 61. a5+ Ka7 62. Kb5 Kb7 63. Bd5+ Ka7 64. a6 Kb8 65. Kb6 1-0

[Event "Open Semana Santa 2023"]
[Site "?"]
[Date "2023.04.09"]
[Round "8.106"]
[White "Silva Pena, Angel David"]
[Black "Cubillo Munoz, Miguel"]
[Result "1-0"]
[WhiteElo "1879"]
[BlackElo "2161"]
[Annotator "Usuario"]
[PlyCount "119"]

1. e4 c5 2. Nf3 g6 3. d4 cxd4 4. Nxd4 Bg7 5. c4 Nc6 6. Nc2 Nf6 7. Nc3 O-O 8.
Be2 d6 9. O-O Nd7 10. Bd2 Nc5 11. b4 Ne6 12. Rc1 a5 13. b5 Ncd4 14. Nxd4 Nxd4
15. Bd3 b6 16. Be3 Rb8 17. Qd2 Re8 18. f4 Ne6 19. f5 Nc5 20. fxg6 fxg6 21. Bc2
Bb7 22. Rf3 e6 23. Rcf1 Qc7 24. Bh6 Rf8 25. Bxg7 Rxf3 26. Rxf3 Kxg7 27. Qg5 Qd8
28. Qe3 Qe7 29. Rh3 e5 30. Qh6+ Kg8 31. Rg3 Ne6 32. h4 Nf4 33. Bd1 Rf8 34. h5
Qh4 35. Qg5 Qxg5 36. Rxg5 Rb8 37. hxg6 hxg6 38. Rg3 Kf7 39. Bg4 Bc8 40. Na4 Be6
41. Bxe6+ Kxe6 42. Kf2 Kf6 $11 43. Ke3 Ne6 44. Rf3+ Ke7 45. Rh3 Kf7 46. Rh7+
Ng7 47. Nc3 g5 48. Nd5 Kg6 49. Rh1 Ne6 50. g3 Nf8 51. Rf1 Nd7 52. Ne7+ Kh5 53.
Nf5 Nf6 54. Rd1 Ne8 55. Rh1+ Kg6 56. Rh8 Rc8 57. Ne7+ Kg7 58. Nxc8 Kxh8 59.
Nxb6 Kg7 60. Nd7 1-0

[Event "Open Semana Santa 2023"]
[Site "?"]
[Date "2023.04.09"]
[Round "8.107"]
[White "Bevia Martinez, Luis"]
[Black "Perez Garcia, Jimena"]
[Result "1/2-1/2"]
[WhiteElo "2111"]
[BlackElo "1852"]
[PlyCount "68"]

1. e4 c5 2. Nc3 d6 3. g3 Nc6 4. Bg2 g6 5. d3 Bg7 6. Be3 e6 7. Qd2 Rb8 8. Nge2
Nd4 9. O-O Ne7 10. Nf4 O-O 11. Nd1 b6 12. Rb1 Ba6 13. c3 Ndc6 14. b4 cxb4 15.
cxb4 Nd4 16. Nc3 Rc8 17. Rfc1 Qd7 18. a4 Bb7 19. h4 e5 20. Nfe2 Nxe2+ 21. Nxe2
d5 22. b5 f5 23. Bg5 d4 24. Qb4 Bf6 25. Bxf6 Rxf6 26. Rxc8+ Nxc8 27. Rc1 Nd6
28. f4 Qe6 29. Nxd4 exd4 30. e5 Bxg2 31. Kxg2 Qd5+ 32. Kg1 Qf3 33. Kh2 Qe2+ 34.
Kh3 Qg4+ 1/2-1/2

[Event "Open Semana Santa 2023"]
[Site "?"]
[Date "2023.04.09"]
[Round "8.108"]
[White "Tudela Gonzalez, Victor"]
[Black "Morales Carmona, Jose Manuel"]
[Result "0-1"]
[WhiteElo "2094"]
[BlackElo "1849"]
[PlyCount "80"]

1. d4 Nf6 2. c4 g6 3. Nc3 d5 4. cxd5 Nxd5 5. e4 Nxc3 6. bxc3 Bg7 7. Qa4+ Bd7 8.
Qa3 O-O 9. Bg5 c5 10. Qxc5 Nc6 11. Nf3 Rc8 12. Qa3 h6 13. Be3 b5 14. Rb1 b4 15.
cxb4 Bg4 16. Be2 Bxf3 17. Bxf3 Nxd4 18. Bxd4 Bxd4 19. O-O Qb6 20. Qa4 Rfd8 21.
Be2 Rd6 22. Qb5 Qxb5 23. Bxb5 Rc2 24. a4 Rf6 25. Rbd1 Rfxf2 26. Rxf2 Bxf2+ 27.
Kf1 Be3 28. Rd3 Rc1+ 29. Ke2 Bg1 30. h3 Rb1 31. Rd1 Rb2+ 32. Kf3 Bb6 33. Rd7
Rb3+ 34. Kf4 e6 35. Rb7 Rxb4 36. Kf3 Rb3+ 37. Kf4 Kg7 38. Bc6 Kf6 39. a5 e5+
40. Kg4 h5+ 0-1

[Event "Open Semana Santa 2023"]
[Site "?"]
[Date "2023.04.09"]
[Round "8.109"]
[White "Cuenca Jimenez, Francisco Javier"]
[Black "Schafer, Guillermo"]
[Result "1-0"]
[WhiteElo "2094"]
[BlackElo "1802"]
[PlyCount "58"]

1. c4 Nf6 2. Nc3 c5 3. g3 g6 4. Bg2 Bg7 5. a3 Nc6 6. Rb1 a5 7. e3 e5 8. Nge2 d6
9. O-O O-O 10. Nd5 Rb8 11. d3 Bd7 12. Nec3 Na7 13. b4 b5 14. Nxb5 Nxd5 15. Bxd5
Nxb5 16. cxb5 cxb4 17. a4 Rc8 18. Bb2 Qe7 19. Qb3 Be6 20. Rfc1 Rxc1+ 21. Rxc1
Rc8 22. Rxc8+ Bxc8 23. Bc4 Be6 24. b6 e4 25. Bxg7 exd3 26. Qxd3 Kxg7 27. b7 Qc7
28. Bxe6 fxe6 29. Qb5 Qb8 1-0

[Event "Open Semana Santa 2023"]
[Site "?"]
[Date "2023.04.09"]
[Round "8.110"]
[White "Demerson Joly, Javier"]
[Black "Segura Santos, Luis"]
[Result "0-1"]
[WhiteElo "1863"]
[BlackElo "2083"]
[PlyCount "126"]

1. c4 e6 2. e4 d5 3. cxd5 exd5 4. exd5 Nf6 5. Bb5+ Nbd7 6. Nc3 Be7 7. Nf3 O-O
8. O-O Nb6 9. d4 Nbxd5 10. h3 Bf5 11. Bd3 Bxd3 12. Qxd3 Re8 13. Bg5 c6 14. Rfe1
Qa5 15. a3 Bd6 16. Rxe8+ Rxe8 17. Bd2 Qb6 18. Na4 Qc7 19. Re1 Rxe1+ 20. Bxe1
Qe7 21. Nc3 Nxc3 22. Bxc3 Nd5 23. Bd2 h6 24. g3 Qe6 25. Kg2 Nf6 26. Bc3 Qd5 27.
Qe3 Ne4 28. a4 Ng5 29. h4 Ne6 30. Kg1 Qb3 31. a5 Qd1+ 32. Kg2 Nc7 33. Qd2 Qb3
34. Qe3 Qd5 35. Kh3 Ne6 36. Ne1 f5 37. Qf3 Qxf3 38. Nxf3 f4 39. g4 g6 40. Kg2
Kf7 41. Nd2 Be7 42. Nf3 Bf6 43. Kf1 Ke7 44. Ke2 Kd6 45. Kd3 Kd5 46. Bd2 Nxd4
47. Nxd4 Bxd4 48. Bxf4 Bxf2 49. h5 g5 50. Bd2 Bd4 51. b3 Bg7 52. Be1 c5 53. Bd2
b5 54. axb6 axb6 55. Be1 b5 56. Bd2 Bd4 57. Bc1 c4+ 58. bxc4+ bxc4+ 59. Ke2 Ke4
60. Ba3 Kf4 61. Bf8 Kxg4 62. Bxh6 Kxh5 63. Bf8 Kg4 0-1

[Event "Open Semana Santa 2023"]
[Site "?"]
[Date "2023.04.09"]
[Round "8.111"]
[White "Mascarell Canet, Ricardo"]
[Black "WFM Abrisqueta Zudaire, Leyre"]
[Result "0-1"]
[WhiteElo "1858"]
[BlackElo "2077"]
[PlyCount "56"]

1. Nf3 d5 2. d4 Nf6 3. c4 c6 4. Nc3 dxc4 5. a4 Bf5 6. e3 e6 7. Bxc4 Bb4 8. O-O
O-O 9. Qe2 Nbd7 10. h3 Bg6 11. Rd1 Qe7 12. Nh4 Bh5 13. g4 Nd5 14. Ng2 Bg6 15.
Bd2 N5b6 16. Bb3 e5 17. d5 Nc5 18. d6 Qf6 19. Bc4 a5 20. f4 Nxc4 21. Qxc4 Bd3
22. Qa2 Qxd6 23. Be1 Qh6 24. Kh2 Rfe8 25. f5 Rad8 26. Bh4 Rd7 27. Rd2 Bc4 28.
Rxd7 Bxa2 0-1

[Event "Open Semana Santa 2023"]
[Site "?"]
[Date "2023.04.09"]
[Round "8.112"]
[White "Prochaieva, Alina"]
[Black "Pham Guerrero, Sergi"]
[Result "1/2-1/2"]
[WhiteElo "1820"]
[BlackElo "2069"]
[Annotator "Usuario"]
[PlyCount "59"]

1. c4 e5 2. Nc3 d6 3. d4 exd4 4. Qxd4 Nc6 5. Qd1 Nf6 6. g3 Be7 7. Bg2 O-O 8.
Nf3 h6 9. O-O Bg4 10. b3 Qd7 11. Re1 Bh3 12. Bh1 Rfe8 13. Bb2 Bd8 14. Nd4 Rb8
15. Nxc6 bxc6 16. Qd4 c5 17. Qf4 Ng4 18. Ne4 f5 19. Nc3 Bg5 20. Qf3 Bf6 21. Qc6
Qd8 22. Qd5+ Kh7 23. Qxf5+ g6 24. Qc2 Rf8 25. Ne4 Bxb2 26. Qxb2 Qe7 27. f3 Ne5
28. Nf2 Bd7 29. Qc2 Nc6 30. Bg2 $11 1/2-1/2

[Event "Open Semana Santa 2023"]
[Site "?"]
[Date "2023.04.09"]
[Round "8.113"]
[White "Valiente Uruena, Sergio"]
[Black "Pousada Garcia, Daniel"]
[Result "1/2-1/2"]
[WhiteElo "1790"]
[BlackElo "2061"]
[PlyCount "96"]

1. d4 Nf6 2. c4 c5 3. d5 b5 4. cxb5 a6 5. bxa6 g6 6. Nc3 Bxa6 7. e4 Bxf1 8.
Kxf1 d6 9. g3 Bg7 10. Kg2 O-O 11. Nf3 Nbd7 12. a4 Qa5 13. Qc2 Nb6 14. Nd2 Rfb8
15. Ra3 Nfd7 16. Ndb1 Nc4 17. Rb3 Rxb3 18. Qxb3 Qb4 19. Qc2 Rb8 20. Nd2 Nxb2
21. Bxb2 Qxb2 22. Rc1 Qxc2 23. Rxc2 Ra8 24. Ndb1 Nb6 25. Ra2 Ra5 26. Kf1 e6 27.
Ke2 exd5 28. Nxd5 Nxa4 29. Nb6 Nc3+ 30. Nxc3 Bxc3 31. Rxa5 Bxa5 32. Nc8 Bc7 33.
Kd3 Kg7 34. Kc4 Kf6 35. Kd5 Kg5 36. h3 f5 37. f4+ Kf6 38. exf5 gxf5 39. g4 h6
40. Na7 Ba5 41. Nb5 Bd2 42. Nxd6 fxg4 43. hxg4 Bxf4 44. Ne4+ Kg6 45. Kxc5 Bg5
46. Kd4 Bf4 47. Kd3 h5 48. gxh5+ Kxh5 1/2-1/2

[Event "Open Semana Santa 2023"]
[Site "?"]
[Date "2023.04.09"]
[Round "8.114"]
[White "Exposito Milan, Adrian"]
[Black "Sarto Ramos, Angel"]
[Result "1-0"]
[WhiteElo "2053"]
[BlackElo "1790"]
[PlyCount "75"]

1. d4 d5 2. Nf3 Nf6 3. c4 e6 4. g3 Nbd7 5. Bg2 Be7 6. O-O O-O 7. Qc2 c6 8. Rd1
Re8 9. b3 a5 10. Nc3 Bb4 11. Bb2 b6 12. Nb1 Ba6 13. Nbd2 Qe7 14. e4 Ba3 15. e5
Nh5 16. Bxa3 Qxa3 17. Nf1 g6 18. Ne3 Ng7 19. g4 Qe7 20. Rac1 Rac8 21. Qd2 Red8
22. Bf1 dxc4 23. bxc4 c5 24. d5 exd5 25. Nxd5 Qe6 26. Qf4 h6 27. Re1 Bb7 28.
Rcd1 Kh7 29. Rd2 Ne8 30. Red1 Bc6 31. h4 Kg7 32. Bh3 Bxd5 33. cxd5 Qe7 34. g5
h5 35. e6 f6 36. exd7 Rxd7 37. Re1 Qd6 38. Qxd6 1-0

[Event "Open Semana Santa 2023"]
[Site "?"]
[Date "2023.04.09"]
[Round "8.115"]
[White "Arroyo Rodriguez, Jesus"]
[Black "Viudes Serra, Aaron"]
[Result "1-0"]
[WhiteElo "2048"]
[BlackElo "1787"]
[PlyCount "75"]

1. e4 Nf6 2. e5 Nd5 3. d4 d6 4. c4 Nb6 5. exd6 cxd6 6. Nc3 g6 7. a4 Nc6 8. Be3
Bg7 9. h3 O-O 10. Nf3 Nb4 11. a5 Nd7 12. Qd2 b6 13. axb6 Nxb6 14. b3 Bf5 15.
Rc1 Rb8 16. Be2 Rb7 17. O-O Qb8 18. Rfe1 Rd8 19. Bh6 Nd7 20. Bxg7 Kxg7 21. g4
Bc2 22. Rxc2 Nxc2 23. Qxc2 Rxb3 24. Nb5 Rb4 25. d5 a5 26. Nfd4 Ne5 27. f4 Qb6
28. Kg2 Rc8 29. fxe5 Rxb5 30. Nxb5 Qxb5 31. Qxg6+ hxg6 32. cxb5 Rc2 33. exd6
exd6 34. Kf3 Rb2 35. Bd3 Rb3 36. Ke3 f5 37. Rb1 f4+ 38. Kd4 1-0

[Event "Open Semana Santa 2023"]
[Site "?"]
[Date "2023.04.09"]
[Round "8.116"]
[White "Cebrian Flores, Juan Antonio"]
[Black "Najarro Garcia, Jose Maria"]
[Result "1-0"]
[WhiteElo "2045"]
[BlackElo "1778"]
[PlyCount "69"]

1. d4 Nf6 2. c4 e6 3. Nc3 Bb4 4. Qc2 O-O 5. a3 Bxc3+ 6. Qxc3 d5 7. Bg5 Nbd7 8.
Rc1 c6 9. e3 Ne4 10. Bxd8 Nxc3 11. Bh4 Ne4 12. f3 Nef6 13. Bd3 Re8 14. cxd5
exd5 15. Kf2 h6 16. g4 Nh7 17. Bg3 Ndf6 18. h3 h5 19. Ne2 g6 20. gxh5 Nxh5 21.
Be5 Nf8 22. Rcg1 Kh7 23. Ng3 Nxg3 24. Rxg3 Nd7 25. Bd6 Nf6 26. h4 Nh5 27. Rg5
Kh6 28. Rhg1 Re6 29. Bf8+ Ng7 30. h5 Bd7 31. Bxg7+ Kxg7 32. hxg6 f6 33. Rh5 Rh8
34. Rh7+ Kg8 35. g7 1-0

[Event "Open Semana Santa 2023"]
[Site "?"]
[Date "2023.04.09"]
[Round "8.117"]
[White "Cerdo Fernandez, Miguel"]
[Black "Sperat Czar, Nicolas"]
[Result "0-1"]
[WhiteElo "1783"]
[BlackElo "2027"]
[PlyCount "78"]

1. e4 c5 2. Nf3 d6 3. d4 cxd4 4. Nxd4 Nf6 5. Nc3 g6 6. Bc4 Bg7 7. f3 O-O 8. Be3
Nc6 9. Qd2 Bd7 10. O-O-O Rc8 11. Bb3 Na5 12. h4 Nxb3+ 13. axb3 h5 14. g4 a6 15.
gxh5 Nxh5 16. Bh6 Qa5 17. Bxg7 Kxg7 18. Rhg1 Rc5 19. Kb1 Rfc8 20. f4 e5 21.
fxe5 dxe5 22. Nf5+ Bxf5 23. exf5 Nf4 24. fxg6 fxg6 25. Rg5 Qc7 26. Rdg1 Rc6 27.
h5 b5 28. b4 a5 29. bxa5 b4 30. Nd5 Rd8 31. Nxc7 Rxd2 32. Ne8+ Kg8 33. Rxe5
Rcxc2 34. Re3 Rxb2+ 35. Ka1 Ra2+ 36. Kb1 Rdb2+ 37. Kc1 Ne2+ 38. Rxe2 Rxe2 39.
Rxg6+ Kf8 0-1

[Event "Open Semana Santa 2023"]
[Site "?"]
[Date "2023.04.09"]
[Round "8.118"]
[White "FM Varga, Mariano"]
[Black "Garrido Silos, Pablo"]
[Result "1/2-1/2"]
[WhiteElo "2026"]
[BlackElo "1769"]
[Annotator "Usuario"]
[PlyCount "82"]
[EventDate "2023.??.??"]

1. e3 e5 2. c4 Nf6 3. a3 d6 4. Qc2 g6 5. b3 Bg7 6. Bb2 O-O 7. d3 Nbd7 8. Nd2 b6
9. Be2 Bb7 10. Bf3 Bxf3 11. Ngxf3 a5 12. O-O Re8 13. b4 Nh5 14. d4 f5 15. dxe5
Nxe5 16. Nxe5 Bxe5 17. Bxe5 Rxe5 18. Nf3 Re4 19. Rfd1 Qf6 20. Qd3 Ree8 21. Rab1
axb4 22. axb4 Qe7 23. Qd5+ Kg7 24. Ra1 Rxa1 25. Rxa1 Nf6 26. Qd4 Qe4 27. Qxe4
Rxe4 28. Nd2 Re7 $11 29. Kf1 c5 30. Ra6 Ne4 31. Ke2 Nxd2 32. Kxd2 Rb7 33. b5
Kf6 34. Ra8 Ke6 35. Kd3 d5 36. Rc8 dxc4+ 37. Kxc4 Rd7 38. Rb8 Rd6 39. h3 h5 40.
Rb7 Kf6 $11 41. f3 Ke5 1/2-1/2

[Event "Open Semana Santa 2023"]
[Site "?"]
[Date "2023.04.09"]
[Round "8.119"]
[White "Cuadrado Carmona, Javier"]
[Black "Perea Fruet, Federico"]
[Result "0-1"]
[WhiteElo "2023"]
[BlackElo "1766"]
[PlyCount "112"]

1. e4 c6 2. c4 d5 3. cxd5 cxd5 4. exd5 Nf6 5. Nf3 Nxd5 6. Nc3 Nc6 7. Bb5 e6 8.
O-O Be7 9. d4 O-O 10. Re1 Nxc3 11. bxc3 Bf6 12. Qd3 a6 13. Bxc6 bxc6 14. Ne5 c5
15. Ba3 Bb7 16. Bxc5 Qd5 17. Qg3 Rfe8 18. Ng4 Bh4 19. Qh3 Be7 20. Re5 Qc6 21.
Bxe7 Rxe7 22. Rae1 Rc8 23. Rc5 Qa4 24. Rh5 Qc2 25. Qg3 Qg6 26. Rc5 Rxc5 27.
dxc5 h5 28. Qb8+ Kh7 29. Ne3 Qg5 30. Qd6 Qf6 31. c6 Ba8 32. Nd5 exd5 33. Qxe7
Qxc3 34. Qe5 Qxc6 35. Qxh5+ Kg8 36. Qe5 Kh7 37. f3 a5 38. Rb1 Qc5+ 39. Kh1 Qc8
40. h3 d4 41. Rb8 Qc1+ 42. Kh2 Bd5 43. Qf5+ g6 44. Qf6 Qc7+ 45. Kh1 Qxb8 46.
Qxd4 Qb1+ 47. Kh2 Qxa2 48. Qh4+ Kg8 49. Qd8+ Kg7 50. Qc7 a4 51. h4 Qc4 52. Qe5+
f6 53. Qg3 a3 54. h5 g5 55. h6+ Kxh6 56. Qd6 Qf4+ 0-1

[Event "Open Semana Santa 2023"]
[Site "?"]
[Date "2023.04.09"]
[Round "8.120"]
[White "Verbytski, Oleg"]
[Black "Perez Travieso, Saul"]
[Result "1/2-1/2"]
[WhiteElo "1774"]
[BlackElo "2007"]
[PlyCount "117"]

1. e4 c6 2. d4 d5 3. Nc3 dxe4 4. Nxe4 Nf6 5. Nxf6+ exf6 6. Nf3 Bg4 7. Be2 Bd6
8. O-O O-O 9. h3 Bh5 10. c4 Nd7 11. Bd2 Re8 12. Bc3 Rc8 13. Re1 Bb8 14. g3 Qb6
15. Qd2 Qc7 16. Kg2 Rcd8 17. Qc2 c5 18. d5 Qc8 19. b3 Bd6 20. Rad1 Ne5 21. Nxe5
Bxe2 22. Rxe2 fxe5 23. Rde1 f6 24. Qd3 Qd7 25. Re3 a6 26. R3e2 b5 27. Rb1 b4
28. Bb2 a5 29. Bc1 Ra8 30. Re1 f5 31. f3 h6 32. Bb2 Qf7 33. Re2 Re7 34. Rbe1
Rae8 35. g4 fxg4 36. hxg4 Qf6 37. Qf5 Qxf5 38. gxf5 Kf7 39. Kh3 Kf6 40. f4 Kxf5
41. fxe5 Bxe5 42. Bxe5 Rxe5 43. Rxe5+ Rxe5 44. Rxe5+ Kxe5 45. Kg4 g6 46. Kh4
g5+ 47. Kg4 Kf6 48. Kg3 h5 49. Kh3 Kf5 50. Kg3 Ke5 51. Kf3 Kf6 52. Kg3 Kf5 53.
Kh3 g4+ 54. Kh4 Kf6 55. Kg3 Kg5 56. Kh2 h4 57. Kg2 h3+ 58. Kg3 Kf5 59. Kh2
1/2-1/2

[Event "Open Semana Santa 2023"]
[Site "?"]
[Date "2023.04.09"]
[Round "8.121"]
[White "Martinez Rodriguez, Francisco Sa"]
[Black "Sivanandan, Bodhana"]
[Result "1-0"]
[WhiteElo "2004"]
[BlackElo "1746"]
[PlyCount "117"]

1. e4 c6 2. d4 d5 3. exd5 cxd5 4. Bd3 Nc6 5. c3 Qc7 6. h3 g6 7. Nf3 Bf5 8. O-O
Bxd3 9. Qxd3 Bg7 10. Bg5 Nf6 11. Nbd2 O-O 12. Rfe1 e6 13. Bh4 Rfe8 14. Bg3 Qb6
15. a4 a5 16. Ra3 Qa6 17. Qb5 Nd7 18. Rb3 Qxb5 19. Rxb5 b6 20. Bc7 Ra6 21. Rxd5
Ncb8 22. Rb5 Rc8 23. Bg3 Nc6 24. Ne4 Bf8 25. d5 Na7 26. dxe6 Nxb5 27. exd7 Rd8
28. axb5 Raa8 29. Bc7 Be7 30. Bxd8 Rxd8 31. Ne5 Kf8 32. Rd1 Ra8 33. Nc6 Bd8 34.
Nd6 Bc7 35. Nb7 a4 36. d8=Q+ Bxd8 37. Rxd8+ Rxd8 38. Nbxd8 Ke8 39. Nxf7 Kxf7
40. Na7 Ke6 41. Nc8 Kd5 42. Nxb6+ Kc5 43. Nxa4+ Kxb5 44. f4 Kxa4 45. g4 Kb3 46.
f5 Kxb2 47. f6 Kxc3 48. f7 h5 49. f8=Q hxg4 50. hxg4 Kb3 51. Qc5 Kb2 52. Qc4
Kb1 53. Qc3 g5 54. Kf2 Ka2 55. Qb4 Ka1 56. Ke2 Ka2 57. Kd2 Ka1 58. Kc2 Ka2 59.
Qa4# 1-0

[Event "Open Semana Santa 2023"]
[Site "?"]
[Date "2023.04.09"]
[Round "8.122"]
[White "Sanchez Peral, Pedro"]
[Black "Piddubna, Bozhena"]
[Result "1/2-1/2"]
[WhiteElo "1761"]
[BlackElo "2000"]
[PlyCount "94"]

1. e4 e5 2. Nf3 Nc6 3. Bb5 a6 4. Bxc6 dxc6 5. O-O f6 6. d4 exd4 7. Qxd4 Qxd4 8.
Nxd4 Bd6 9. Be3 Ne7 10. Nd2 Bg4 11. f3 Bd7 12. Nc4 Bc5 13. Nb3 Bxe3+ 14. Nxe3
b6 15. Rad1 O-O-O 16. a3 a5 17. Rd2 h5 18. Rfd1 c5 19. Kf2 Rhe8 20. Nc1 Nc6 21.
Ne2 h4 22. Rd5 g6 23. Nf4 f5 24. exf5 gxf5 25. Ng6 h3 26. g3 Nd4 27. Ne5 Ba4
28. Rxd8+ Rxd8 29. b3 Be8 30. Rd2 a4 31. bxa4 Bxa4 32. c3 Nb5 33. Rxd8+ Kxd8
34. c4 Nxa3 35. Nxf5 b5 36. cxb5 Bxb5 37. Ke3 Nc2+ 38. Kd2 Nd4 39. Ne3 c6 40.
f4 Ke7 41. g4 Ba4 42. f5 Kf6 43. Nd7+ Kg5 44. Nxc5 Nf3+ 45. Ke2 Nxh2 46. Kf2
Nxg4+ 47. Nxg4 Kxf5 1/2-1/2

[Event "Open Semana Santa 2023"]
[Site "?"]
[Date "2023.04.09"]
[Round "8.124"]
[White "Deusa Ballesteros, Lucas"]
[Black "Munoz Osete, Marcos"]
[Result "1/2-1/2"]
[WhiteElo "1993"]
[BlackElo "1743"]
[Annotator "Usuario"]
[PlyCount "53"]

1. c4 e5 2. Nc3 Nc6 3. Nf3 d6 4. d4 exd4 5. Nxd4 Nf6 6. g3 Bd7 7. Bg2 g6 8. O-O
Bg7 9. Nxc6 Bxc6 10. e4 O-O 11. Qc2 Qc8 12. Bd2 Re8 13. Rfe1 Bd7 14. Rac1 Bh3
15. Nd5 Bxg2 16. Kxg2 c6 17. Nxf6+ Bxf6 18. Bf4 Be5 19. Bxe5 dxe5 20. Rcd1 Qe6
21. Rd3 b5 $11 22. Red1 Qxc4 23. Qxc4 bxc4 24. Rc3 Rab8 $11 25. Rd2 Rb4 26. a3
Ra4 27. Rdc2 $11 1/2-1/2

[Event "Open Semana Santa 2023"]
[Site "?"]
[Date "2023.04.09"]
[Round "8.125"]
[White "Aura, Daniel"]
[Black "Hammari, Vinjar"]
[Result "0-1"]
[WhiteElo "1708"]
[BlackElo "1989"]
[PlyCount "58"]

1. e4 c6 2. d4 d5 3. e5 c5 4. dxc5 e6 5. a3 Nc6 6. b4 a5 7. b5 Nxe5 8. Bb2 Ng6
9. c4 Nf6 10. cxd5 Bxc5 11. Qc2 Qxd5 12. Nc3 Qd8 13. Rd1 Bd7 14. Na4 Be7 15.
Bc4 O-O 16. Nf3 Qc7 17. Qb3 Rad8 18. Bd4 Qf4 19. O-O e5 20. Be3 Qf5 21. Nc5 Bc8
22. Rxd8 Bxd8 23. b6 Nf4 24. Rd1 Be7 25. Qb5 Nxg2 26. Kxg2 Qg4+ 27. Kf1 Qxf3
28. Qb3 Qh1+ 29. Ke2 Bg4+ 0-1

[Event "Open Semana Santa 2023"]
[Site "?"]
[Date "2023.04.09"]
[Round "8.126"]
[White "Nazarov, Alexander"]
[Black "Bartolome Benito, Alejandro"]
[Result "1-0"]
[WhiteElo "1982"]
[BlackElo "1739"]
[PlyCount "65"]

1. d4 Nf6 2. c4 b6 3. Nc3 Bb7 4. f3 Nc6 5. e4 e5 6. Nge2 exd4 7. Nxd4 Nxd4 8.
Qxd4 Bc5 9. Qe5+ Qe7 10. Qxe7+ Kxe7 11. Bf4 d6 12. O-O-O Nh5 13. Bg5+ f6 14.
Bd2 g5 15. g3 Ng7 16. Bh3 c6 17. Kb1 Ne6 18. f4 h6 19. Rde1 Nd4 20. Rhf1 Bc8
21. Bxc8 Raxc8 22. e5 dxe5 23. fxe5 f5 24. Nd5+ Ke6 25. b4 Be7 26. Bc3 c5 27.
b5 g4 28. Ne3 Nf3 29. Rd1 Bg5 30. Rd6+ Kf7 31. e6+ Kg6 32. e7+ Kh5 33. Nxf5 1-0

[Event "Open Semana Santa 2023"]
[Site "?"]
[Date "2023.04.09"]
[Round "8.127"]
[White "Palacios Sanchez, Victor"]
[Black "Pardo Ruiz, Carlos"]
[Result "1-0"]
[WhiteElo "1704"]
[BlackElo "1972"]
[PlyCount "49"]

1. c4 e6 2. g3 d5 3. d4 c6 4. Bg2 dxc4 5. Nf3 b5 6. a4 Bb7 7. O-O Nf6 8. Ne5
Qc8 9. b3 cxb3 10. Qxb3 a6 11. Ba3 Bxa3 12. Qxa3 Nfd7 13. Nd3 Nb6 14. Nd2 Qc7
15. a5 Nc8 16. Ne4 Qe7 17. Nec5 O-O 18. Ne5 f6 19. Ned3 Ra7 20. Bh3 e5 21. Be6+
Kh8 22. dxe5 fxe5 23. Nxe5 Nd6 24. g4 Bc8 25. Ng6+ 1-0

[Event "Open Semana Santa 2023"]
[Site "?"]
[Date "2023.04.09"]
[Round "8.128"]
[White "Lobo Pereira, Arami"]
[Black "Rubial Blanco, Heriberto"]
[Result "1-0"]
[WhiteElo "1961"]
[BlackElo "1740"]
[Annotator "Usuario"]
[PlyCount "123"]

1. d4 d5 2. c4 e6 3. Nc3 Nf6 4. Nf3 Be7 5. Bg5 O-O 6. e3 h6 7. Bh4 Ne4 8. Bxe7
Qxe7 9. cxd5 Nxc3 10. bxc3 exd5 11. Be2 Bg4 12. O-O Nd7 13. Nd2 Bxe2 14. Qxe2
Nb6 15. c4 c5 16. dxc5 Qxc5 17. cxd5 Qxd5 18. Nb3 Rfd8 19. Rac1 Rac8 20. Nd4
Rxc1 21. Rxc1 Rc8 22. Rxc8+ Nxc8 23. Qg4 Ne7 24. Qe2 Nc6 25. Nb3 Nb4 26. Nc1
Qc5 27. Nb3 Qd5 28. h3 Kf8 29. Qb2 Qd1+ 30. Kh2 Qd6+ 31. Kg1 Qd1+ 32. Kh2 Qd6+
33. g3 Nc6 34. Qc2 Kg8 35. Qf5 Qc7 36. Qe4 Qe7 37. Qc4 Qb4 38. Qd5 Qe7 $11 39.
Nc5 Qc7 40. Nd3 Ne7 41. Qb5 Qc6 42. Qe5 Nc8 43. Nf4 Nd6 44. Nd5 Qd7 45. h4 f6
46. Qd4 b6 47. Nf4 Qe7 48. Qd5+ Nf7 49. Ng6 Qd8 50. Qe6 Qa8 51. e4 Qb8 52. h5
b5 53. Ne7+ Kf8 54. Ng6+ Kg8 55. f4 a5 56. e5 Qd8 57. exf6 Qd2+ 58. Kh3 Qd1 59.
Ne7+ Kh7 60. fxg7 Kxg7 61. Nf5+ Kf8 62. Qe7+ 1-0

[Event "Open Semana Santa 2023"]
[Site "?"]
[Date "2023.04.09"]
[Round "8.129"]
[White "Lozano Freras, Sergio"]
[Black "Zotes Flecha, Luis"]
[Result "1-0"]
[WhiteElo "1960"]
[BlackElo "1737"]
[PlyCount "71"]

1. e4 g6 2. d4 Bg7 3. Nc3 a6 4. h4 h5 5. Be3 d6 6. Qd2 b5 7. O-O-O Nf6 8. f3 c6
9. Nh3 a5 10. Ng5 a4 11. Ne2 Qa5 12. Qxa5 Rxa5 13. Nf4 Nbd7 14. e5 dxe5 15.
dxe5 Nd5 16. Nxd5 cxd5 17. e6 fxe6 18. Nxe6 Bh6 19. Bxh6 Rxh6 20. Rxd5 g5 21.
Nxg5 Rb6 22. Ne4 Bb7 23. Rxh5 Bxe4 24. fxe4 Nf6 25. Rh8+ Kf7 26. Bd3 b4 27. Rc8
b3 28. cxb3 axb3 29. a3 Re5 30. Rf1 Ke6 31. Re1 Nd7 32. Bc4+ Kf6 33. g4 Nc5 34.
Rf1+ Kg6 35. Rf5 Rxe4 36. Rfxc5 1-0